[Event "AUTO-INT-747"]
[Site "http://www.queenalice.com/game.php?id=377435"]
[Date "2008.3.26"]
[Round "2"]
[White "conqueror"]
[Black "robert_13"]
[Result "1-0"]
[WhiteElo "1698"]
[BlackElo "1597"]

1. d4 d5 2. c4 e6 3. Nc3 Qd7 4. Nf3 dxc4 5. Bf4 Nc6 6. e3 Bd6 7. Bxc4 Bxf4 8.
exf4 Na5 9. Bb5 c6 10. Ba4 b5 11. Bc2 Nf6 12. O-O b4 13. Ne2 O-O 14. Re1 Nd5 15.
Qc1 f5 16. Ne5 Qd6 17. Ba4 Nxf4 18. Qxf4 c5 19. Rad1 Ba6 20. dxc5 Qxc5 21. Nd7
Qc4 22. Qxc4 Bxc4 23. Nxf8 Rxf8 24. b3 Bxe2 25. Rxe2 Kf7 26. Rd7+ Kf6 27. Rxa7
1-0

[Event "AUTO-INT-747"]
[Site "http://www.queenalice.com/game.php?id=377436"]
[Date "2008.3.26"]
[Round "2"]
[White "robert_13"]
[Black "conqueror"]
[Result "0-1"]
[WhiteElo "1610"]
[BlackElo "1692"]

1. d4 d5 2. Nf3 Nc6 3. Nc3 Nf6 4. Ne5 Nxe5 5. dxe5 Nd7 6. Qxd5 c6 7. Qf3 Nxe5 8.
Qf4 Ng6 9. e4 Nxf4 10. g3 Ng6 11. Bf4 Nxf4 12. gxf4 Bg4 13. Be2 Bxe2 14. Kxe2 e6
15. Rad1 Qc7 16. e5 Bc5 17. Rhg1 O-O 18. Rg2 Rad8 19. Rxd8 Rxd8 20. Ne4 Bd4 21.
c3 Bb6 22. Nf6+ Kh8 23. Nh5 g6 24. Ng3 c5 0-1

[Event "AUTO-INT-747"]
[Site "http://www.queenalice.com/game.php?id=377437"]
[Date "2008.3.26"]
[Round "2"]
[White "conqueror"]
[Black "windows"]
[Result "0-1"]
[WhiteElo "1734"]
[BlackElo "1826"]

1. d4 Nf6 2. c4 g6 3. Nc3 Bg7 4. Bf4 Nh5 5. Be3 O-O 6. Nf3 e6 7. g3 f5 8. Bg2 c6
9. O-O d5 10. cxd5 exd5 11. Qc2 f4 12. Bd2 Bg4 13. e3 Bxf3 14. Bxf3 fxe3 15.
Bxh5 exd2 16. Bd1 Bh6 17. f4 g5 18. Qxd2 gxf4 19. gxf4 Bxf4 20. Qg2+ Kh8 21. Kh1
Rg8 22. Qf3 Qg5 23. Be2 Be3 24. Qf6+ Qxf6 25. Rxf6 Bxd4 26. Rf7 Rg7 27. Raf1
Bxc3 28. bxc3 b5 29. Rf8+ Rg8 30. Bg4 Rxf8 31. Rxf8+ Kg7 32. Rc8 Kf7 33. Bf5 h6
34. Kg2 a5 35. Kf3 a4 36. Ke3 a3 37. Bc2 Ke7 38. Kf4 Kf7 39. Kg4 c5 40. Kh5 Ke7
41. Kxh6 Ra6+ 42. Kg5 Nc6 43. h4 c4 44. h5 Ne5 45. Rc7+ Kf8 46. h6 Nf7+ 47. Kg4
Nxh6+ 48. Kg5 Nf7+ 49. Kf4 Re6 50. Kf5 Re2 51. Bb1 Rb2 0-1

[Event "AUTO-INT-747"]
[Site "http://www.queenalice.com/game.php?id=377438"]
[Date "2008.3.26"]
[Round "2"]
[White "windows"]
[Black "conqueror"]
[Result "1-0"]
[WhiteElo "1802"]
[BlackElo "1730"]

1. e4 d5 2. exd5 Qxd5 3. Nc3 Qd6 4. Nf3 c6 5. d3 Bg4 6. h3 Bh5 7. Ne4 Qc7 8. Be2
e6 9. Ng3 Bg6 10. O-O Nf6 11. Nh4 Bd6 12. Nxg6 fxg6 13. Bg4 e5 14. Qf3 O-O 15.
Be6+ Kh8 16. Re1 Qe7 17. Bb3 Nbd7 18. Bg5 Qe8 19. Rad1 Nh5 20. Qe3 Bc5 21. d4
Bxd4 22. Rxd4 exd4 23. Qd2 Qc8 24. Nxh5 gxh5 25. Qxd4 Nf6 26. Bxf6 gxf6 27. Re6
Kg7 28. Qd3 Qc7 29. Qe4 Rf7 30. Qf5 Rd8 31. c3 Rd6 32. Rxd6 Qxd6 33. Bxf7 Qd1+
34. Kh2 Qd6+ 35. g3 Qd2 36. Bb3 Qe2 37. Kg2 a6 38. Qd7+ Kg6 39. Qf7+ Kg5 40.
Qg7+ Kf5 41. Qxh7+ Kg5 42. Qg7+ Kf5 43. Qh7+ Kg5 44. h4+ Kg4 45. Qg6# 1-0

[Event "AUTO-OPEN-961"]
[Site "http://www.queenalice.com/game.php?id=395437"]
[Date "2008.4.29"]
[Round "2"]
[White "conqueror"]
[Black "BraulioFerreira"]
[Result "1/2-1/2"]
[WhiteElo "1807"]
[BlackElo "1770"]

1. d4 Nf6 2. c4 g6 3. Nc3 Bg7 4. Bg5 O-O 5. Nf3 d6 6. e3 Nbd7 7. Be2 Re8 8. O-O
c6 9. Qc2 e5 10. dxe5 dxe5 11. Rad1 h6 12. Bh4 Qc7 13. Rd2 e4 14. Nd4 Ne5 15.
Nxe4 Bf5 16. f4 Nxe4 17. Nxf5 Nxd2 18. Qxd2 gxf5 19. fxe5 Rxe5 20. Bg3 Qe7 21.
Bxe5 Qxe5 22. b3 Re8 23. Rf3 f4 24. Rxf4 Qxe3+ 25. Qxe3 Rxe3 26. Bg4 c5 27. Bd7
Bd4 28. Kf1 Be5 29. Rh4 Kg7 30. Bc8 b6 31. Kf2 Rc3 32. Re4 f6 33. h4 Rc2+ 34.
Re2 Bg3+ 35. Kf3 Rxe2 36. Kxe2 Bxh4 37. Kf3 Kf7 38. g3 Bg5 39. g4 Ke7 40. Bf5
Kd6 41. Ke4 Bc1 42. Bc8 a5 43. Ba6 Bg5 44. Bb5 Bc1 1/2-1/2

[Event "AUTO-OPEN-961"]
[Site "http://www.queenalice.com/game.php?id=395438"]
[Date "2008.4.29"]
[Round "2"]
[White "BraulioFerreira"]
[Black "conqueror"]
[Result "1-0"]
[WhiteElo "1737"]
[BlackElo "1762"]

1. e4 d5 2. exd5 Qxd5 3. Nc3 Qd6 4. d4 c6 5. Nf3 Bg4 6. Be2 Nf6 7. h3 Bf5 8. O-O
g6 9. Na4 Bg7 10. c4 O-O 11. c5 Qd5 12. Nc3 Qd7 13. Be3 Nd5 14. Nxd5 Qxd5 15.
Rc1 Na6 16. Bxa6 bxa6 17. Qa4 Bd3 18. Rfd1 Bb5 19. Qa3 Be2 20. Bf4 Bxd1 21. Rxd1
Qc4 22. b3 Qe2 23. Re1 Qd3 24. Rxe7 Bxd4 25. Nxd4 Rac8 26. Nf3 Ra8 27. Bh6 Rfd8
28. Qb2 1-0

[Event "KOQA CUP "]
[Site "http://www.queenalice.com/game.php?id=411715"]
[Date "2008.6.1"]
[Round "4"]
[White "anandya"]
[Black "conqueror"]
[Result "1-0"]
[WhiteElo "1877"]
[BlackElo "1745"]

1. e4 d5 2. e5 Bf5 3. d4 e6 4. Nc3 Bb4 5. Bd2 Ne7 6. a3 Ba5 7. Nf3 O-O 8. b4 Bb6
9. Be3 a6 10. h3 Ba7 11. Bd3 b6 12. Bxf5 Nxf5 13. Qd2 Nxe3 14. Qxe3 b5 15. O-O
Nd7 16. Ne2 f6 17. c3 c6 18. Nf4 Qe7 19. Rfe1 Rf7 20. Nh5 g6 21. exf6 Nxf6 22.
Nxf6+ Rxf6 23. Re2 Re8 24. Rae1 Qf8 25. Ne5 Qd6 26. Ng4 Rff8 27. Qg5 Kh8 28. Ne5
Rf5 29. Qh6 Rg8 30. Re3 Rh5 31. Qxh5 gxh5 32. Nf7+ Kg7 33. Nxd6 Bb8 34. Rxe6 1-0

[Event "AUTO-OPEN-962"]
[Site "http://www.queenalice.com/game.php?id=424518"]
[Date "2008.6.28"]
[Round "2"]
[White "TheBigSid"]
[Black "conqueror"]
[Result "1-0"]
[WhiteElo "2105"]
[BlackElo "1809"]

1. d4 d5 2. c4 c6 3. Nc3 Bf5 4. Nf3 e6 5. e3 Bb4 6. Bd3 dxc4 7. Bxc4 Nf6 8. O-O
O-O 9. a3 Bxc3 10. bxc3 Nbd7 11. a4 c5 12. Ba3 Ne4 13. Qc1 Nb6 14. Bd3 Nxa4 15.
Bxe4 Bxe4 16. dxc5 Bxf3 17. gxf3 Qg5+ 18. Kh1 Qh5 19. Rg1 Qxf3+ 20. Rg2 Rfc8 21.
Qd1 Qxd1+ 22. Rxd1 Nxc5 23. h4 Ne4 24. Bb2 g6 25. Rd7 b5 26. Rg1 Rd8 27. Rxd8+
Rxd8 28. f3 Nf2+ 29. Kg2 Nd1 30. Bc1 1-0

[Event "AUTO-OPEN-962"]
[Site "http://www.queenalice.com/game.php?id=424519"]
[Date "2008.6.28"]
[Round "2"]
[White "conqueror"]
[Black "TheBigSid"]
[Result "1-0"]
[WhiteElo "1758"]
[BlackElo "2071"]

1. e4 e6 2. d4 d5 3. exd5 exd5 4. Nf3 Nf6 5. Bg5 Bd6 6. Qe2+ Be6 7. Qb5+ Nbd7 8.
Nc3 O-O 9. Qxb7 Rb8 10. Qxa7 Rxb2 11. Bd3 Bb4 12. O-O Bxc3 13. Qa3 Bxd4 14. Nxd4
Rb6 15. Rab1 Qb8 16. Rb3 Rxb3 17. axb3 Qb6 18. Qa1 c5 19. Nxe6 fxe6 20. Bh4 e5
21. f3 Qb4 22. Bxf6 gxf6 23. Bf5 Nb6 24. Qa7 Ra8 25. Qxh7+ Kf8 26. Bg6 1-0

[Event "AUTO-OPEN-962"]
[Site "http://www.queenalice.com/game.php?id=424528"]
[Date "2008.6.28"]
[Round "2"]
[White "conqueror"]
[Black "josecastroman"]
[Result "1-0"]
[WhiteElo "1734"]
[BlackElo "1946"]

1. d4 d5 2. c4 Nf6 3. Nc3 a6 4. cxd5 Nxd5 5. Nf3 Nc6 6. e4 Nxc3 7. bxc3 Bg4 8.
Rb1 b5 9. a4 bxa4 10. Qxa4 Bd7 11. Qa2 e6 12. d5 Ne7 13. Ne5 exd5 14. exd5 f6
15. Nxd7 Qxd7 16. Bc4 Qc8 17. O-O g6 18. Re1 Rb8 19. Qxa6 Qxa6 20. Rxb8+ 1-0

[Event "AUTO-OPEN-962"]
[Site "http://www.queenalice.com/game.php?id=424529"]
[Date "2008.6.28"]
[Round "2"]
[White "josecastroman"]
[Black "conqueror"]
[Result "0-1"]
[WhiteElo "1925"]
[BlackElo "1787"]

1. e4 c5 2. Nf3 Nc6 3. a3 Nf6 4. Bc4 Nxe4 5. d3 Nd6 6. Ba2 e6 7. Nc3 Be7 8. Be3
Nf5 9. Qd2 Nxe3 10. Qxe3 O-O 11. O-O-O d5 12. d4 cxd4 13. Nxd4 Bc5 14. Nce2 e5
15. Qb3 Nxd4 16. Nxd4 Bxd4 17. f4 Bf5 18. fxe5 Qg5+ 19. Kb1 Rfc8 20. Rxd4 Bxc2+
21. Qxc2 Rxc2 22. g3 Rac8 0-1

[Event "AUTO-INT-746"]
[Site "http://www.queenalice.com/game.php?id=425668"]
[Date "2008.6.30"]
[Round "3"]
[White "conqueror"]
[Black "expectnomercy"]
[Result "0-1"]
[WhiteElo "1746"]
[BlackElo "2019"]

1. d4 Nf6 2. c4 e6 3. Nf3 c5 4. Nc3 cxd4 5. Nxd4 a6 6. e4 d6 7. Be2 Be7 8. O-O
O-O 9. Qd3 Nc6 10. Nxc6 bxc6 11. Qg3 Re8 12. Rd1 Qa5 13. Bd2 Qc7 14. c5 Rd8 15.
Bh6 Ne8 16. cxd6 Bxd6 17. e5 Bxe5 18. Rxd8 Qxd8 19. Qxe5 gxh6 20. Ne4 Qe7 21.
Qg3+ Ng7 22. h3 f5 23. Nd2 Bb7 24. Nf3 Rd8 0-1

[Event "Challenge"]
[Site "http://www.queenalice.com/game.php?id=437276"]
[Date "2008.7.22"]
[Round "-"]
[White "conqueror"]
[Black "blacca"]
[Result "1-0"]
[WhiteElo "1805"]
[BlackElo "1268"]

1. d4 d5 2. c4 e6 3. Nc3 c5 4. Nf3 Nc6 5. Bg5 Qb6 6. b3 cxd4 7. Na4 Bb4+ 8. Nd2
Qa5 9. a3 Bxd2+ 10. Bxd2 Qd8 11. Nc5 b6 12. Nd3 Nf6 13. cxd5 Nxd5 14. g3 O-O 15.
Bg2 Re8 16. O-O Bb7 17. e3 1-0

[Event "AUTO-OPEN-962"]
[Site "http://www.queenalice.com/game.php?id=451980"]
[Date "2008.8.22"]
[Round "3"]
[White "conqueror"]
[Black "chapichapo"]
[Result "1-0"]
[WhiteElo "1806"]
[BlackElo "1774"]

1. d4 Nf6 2. c4 d5 3. Nc3 dxc4 4. Nf3 Nc6 5. Bf4 Bf5 6. e3 e6 7. Bxc4 Nb4 8. O-O
Bg4 9. a3 Nc6 10. Be2 Nd5 11. Nxd5 Qxd5 12. Bxc7 Rc8 13. Bf4 g6 14. h3 Bf5 15.
Rc1 Bd6 16. Bg5 h6 17. Bf4 Bxf4 18. exf4 h5 19. Ne5 f6 20. Nxc6 bxc6 21. Rc5 Qb3
22. Qxb3 O-O 23. Rfc1 1-0

[Event "AUTO-OPEN-962"]
[Site "http://www.queenalice.com/game.php?id=451981"]
[Date "2008.8.22"]
[Round "3"]
[White "chapichapo"]
[Black "conqueror"]
[Result "1-0"]
[WhiteElo "1759"]
[BlackElo "1821"]

1. e4 d5 2. exd5 Qxd5 3. Nc3 Qd6 4. Nf3 c6 5. d4 Bg4 6. Be3 Nf6 7. h3 Bf5 8. Bc4
b5 9. Bb3 e6 10. Ne5 Be7 11. Bf4 O-O 12. Ng6 Qd8 13. Nxf8 Bxf8 14. g4 Be4 15.
Rg1 Bd5 16. g5 Ne4 17. Nxe4 Bxe4 18. h4 Nd7 19. h5 a5 20. g6 fxg6 21. hxg6 Bxg6
22. Bxe6+ Kh8 23. Rxg6 Nf6 24. Rg3 Ne4 25. Rh3 Qf6 26. Rxh7+ Kxh7 27. Qh5+ 1-0

[Event "KOQA CUP "]
[Site "http://www.queenalice.com/game.php?id=461818"]
[Date "2008.9.11"]
[Round "5"]
[White "conqueror"]
[Black "gmoney1970"]
[Result "0-1"]
[WhiteElo "1783"]
[BlackElo "1690"]

1. d4 e6 2. c4 c5 3. Nf3 g6 4. Nc3 Nc6 5. Bg5 f6 6. Bh4 g5 7. Bg3 Bg7 8. e3 b6
9. Nb5 e5 10. d5 Nb4 11. Nd6+ Kf8 12. Be2 e4 13. Ng1 h5 14. h3 h4 15. Bh2 Nh6
16. Bh5 f5 17. Qd2 Nd3+ 18. Kf1 Bxb2 19. Rb1 Be5 20. f3 Bxh2 21. Rxh2 Qc7 22.
Nb5 Qxh2 23. fxe4 fxe4 24. Nd6 Qxd6 0-1

[Event "SA team"]
[Site "http://www.queenalice.com/game.php?id=484339"]
[Date "2008.10.28"]
[Round "4"]
[White "conqueror"]
[Black "FeralPawn"]
[Result "0-1"]
[WhiteElo "1763"]
[BlackElo "1729"]

1. d4 e5 2. dxe5 Qe7 3. Nf3 Nc6 4. Bg5 Qc5 5. Be3 Qe7 6. Bf4 Qb4+ 7. Nbd2 Qxf4
8. e3 Qh6 9. Bd3 d6 10. exd6 Bxd6 11. Ne4 Nge7 12. O-O Ne5 0-1